Ja : The Japan Architect : International Edition of Shinkenchiku : April 1980, no. 276 /

Guardado en:
Bibliografiske detaljer
Andre forfattere: Yoshida, Yoshio (dirección) (dirección), Baba, Shozo (edición) (edición)
Format: Bog
Sprog:engelsk
Udgivet: Tokio, Japón : Shinkenchiku-Sha, 1980, c1980
Tags: Tilføj Tag
Ingen Tags, Vær først til at tagge denne postø!

MARC

LEADER 00000nam^a2200000^a^4500
001 000590363
005 20250526000000.0
009 20260310132907.53
037 |a Acervo ITESO - Biblioteca 
041 |a ING 
091 |a FCO. 03730 
240 1 1 |a [Ja : The Japan Architect : International Edition of Shinkenchiku] 
245 0 0 |a Ja :  |b The Japan Architect : International Edition of Shinkenchiku : April 1980, no. 276 / 
264 4 |a Tokio, Japón :  |b Shinkenchiku-Sha,  |c 1980, c1980 
300 |a 70 p. ;  |c 29.5 cm. 
336 |a texto  |b txt  |2 rdacontenido 
337 |a sin mediación  |b n  |2 rdamedio 
338 |a volumen  |b nc  |2 rdasoporte 
649 |a XX 
700 |a Yoshida, Yoshio  |e (dirección) 
700 |a Baba, Shozo  |e (edición) 
910 |a Fondo Erich Coufal Kieswetter 
920 |a Impresos - Libros 
930 |a Libros Antiguos y Raros 
905 |a 142 
901 |a 590672-10  |b IT2  |c LRA  |i D  |u 20250526 
902 |a https://opac.biblio.iteso.mx/vufind/Record/000590363